[Event "Agzamov Memorial 12th"]
[Site "Tashkent"]
[Date "2018.04.23"]
[Round "1"]
[White "Stupak, Kirill"]
[Black "Khudoybergenov, Ulugbek"]
[Result "1-0"]
[WhiteElo "2556"]
[BlackElo "1902"]
[PlyCount "82"]
[EventDate "2018.04.23"]
[EventType "swiss"]
[EventRounds "9"]
[EventCountry "UZB"]
[SourceTitle "EXT 2019"]
[Source "ChessBase"]
[SourceDate "2018.10.10"]
[SourceVersion "1"]
[SourceVersionDate "2018.10.10"]
[SourceQuality "1"]

1. d4 d5 2. Nf3 Nf6 3. g3 g6 4. c4 c6 5. Bg2 Bg7 6. 0-0 0-0 7. Qb3 e6 8. Nc3 Nbd7 9. Nd2 Qb6 10. e3 Nh5 11. g4 Nhf6 12. h3 g5 13. Qc2 h6 14. b3 Re8 15. Bb2 Nf8 16. Ne2 Ng6 17. f4 Nh4 18. Ng3 Qc7 19. Rf2 Bd7 20. Raf1 Bf8 21. Nf3 Nxg2 22. Kxg2 Ne4 23. Nxe4 dxe4 24. Ne5 f5 25. fxg5 Bc8 26. gxh6 Bxh6 27. Qe2 Re7 28. h4 Rh7 29. g5 Bg7 30. Ng6 Bd7 31. Rh1 Be8 32. Nf4 Qe7 33. Rh3 Rd8 34. Kh2 c5 35. dxc5 e5 36. Nd5 Rxd5 37. cxd5 Bh5 38. Qc4 Kh8 39. c6 bxc6 40. dxc6 Qc7 41. Qe6 Bf8 1-0